Sports Quiz

Random Sports or Clickable Quiz

Premier League Sorting Gallery Quiz Stats

 Plays Quiz Updated Jun 4, 2021

Support Sporcle.
Go Orange.
Score 0/20 Timer 01:00
50 Plays Today
% Correct
???
95%
???
77.8%
???
74.3%
???
73.7%
???
73.5%
???
73.2%
???
68.3%
???
67.7%
???
67.4%
???
66.6%
% Correct
???
63.6%
???
61.6%
???
61.2%
???
59.9%
???
57.5%
???
56.2%
???
53.4%
???
37.1%
???
16.6%
???
5.5%

You're not logged in!

Compare scores with friends on all Sporcle quizzes.
OR
Log In
Forgot?

From the Vault

Song Titles in Opening Lyrics III

by Kicking222

Music 6m
It's easiest to get the song title out of the way early, and just get to the chorus.
Remove Ads.
Support Sporcle.
Get the best of Sporcle when you Go Orange. This ad-free experience offers more features, more stats, and more fun while also helping to support Sporcle. Thank you for becoming a member.

Show Comments

Extras

Top Quizzes Today


Score Distribution

Your Account Isn't Verified!

In order to create a playlist on Sporcle, you need to verify the email address you used during registration. Go to your Sporcle Settings to finish the process.

Report this User

Report this user for behavior that violates our Community Guidelines.

Details: